Top 10 Most Guessed US Cities by French Speakers - Statistics

General Stats
  • This quiz has been taken 688 times
    539 since last reset
  • The average score is 8 of 10
Answer Stats
Rank City % % Correct
1 New York City 99%
100%
2 Los Angeles 95%
99%
4 Chicago 80%
92%
5 San Francisco 76%
88%
7 Boston 66%
84%
10 Houston 52%
82%
8 Dallas 57%
81%
3 Washington 87%
81%
9 Seattle 56%
76%
6 Las Vegas 70%
66%
No matching quizzes found
Score Distribution
Percent of People with Each Score
Percentile by Number Answered
Your Score History
You have not taken this quiz since the last reset